000
00333pam a2200157a 44500
008
230515b1989 xxu||||| |||| 00| 0 eng d
020
_a
NULL
041
_a
ENGLISH
082
_a
N.D.
100
_a
Ghose D.N.
245
_a
Book Of Home Plan
250
_a
0
260
_a
NULL
_b
CBS Pub.
_c
1989
300
_a
229
650
_a
NULL
999
_c
571717
_d
571717